| 000 | 01370cam a2200349 i 4500 | ||
|---|---|---|---|
| 001 | 768714001 | ||
| 003 | CO-MdFUSB | ||
| 005 | 20241016083218.0 | ||
| 007 | ta | ||
| 008 | 170808t1985 -us||||| |||| 00| | spa d | ||
| 020 | _a0-8297-1416-2 | ||
| 040 |
_aCO-MdFUSB _bspa _cCO-MdFUSB _dCO-MdFUSBC _erda |
||
| 041 | 0 |
_aspa _heng |
|
| 082 | 0 | 4 |
_223 _a221.9 _bM965 |
| 240 | _aWorld of the old testament | ||
| 245 | 3 |
_aEl mundo del Antiguo Testamento _c/ Editores : James I. Packer , Merril C. Tenney , William White ; traducido por Elsa Romanenghi de Powell |
|
| 264 | 1 |
_aMiami, FL, USA : _b Vida, _c[1985] |
|
| 264 | 4 | _c©1985 | |
| 300 |
_a192 páginas _c; 21 cm |
||
| 336 |
_2rdacontent _atexto _btxt |
||
| 337 |
_2rdamedia _asin mediación _bn |
||
| 338 |
_2rdacarrier _avolumen _bnc |
||
| 505 | _aEl mundo antiguo -- Historia del Antiguo Testamento -- Cronologia del Antiguo Testamento -- Arqueolgia -- Religiones y culturas paganas -- Los egipcios -- Los babilonios y los asirios -- Ugarit y los cananeos -- Los persas. | ||
| 563 | _aRustico | ||
| 630 | 0 | 7 |
_aBiblia. _pAntiguo Testamento _xCrítica, interpretación, etc. |
| 650 | 7 |
_97078 _aCiencias sociales |
|
| 700 |
_98330 _aPacker, James I. _eeditor |
||
| 700 | 1 |
_9650 _aTenney, Merrill C. _d1904-1985 _eeditor |
|
| 700 |
_98007 _aWhite, William, Jr., _eeditor |
||
| 942 | _cBK | ||
| 945 | _aMag1104 | ||
| 999 |
_c32253 _d32253 |
||